Review and Articles / From Die Rote Fahne (Record no. 5562)
[ view plain ]
| 000 -LEADER | |
|---|---|
| fixed length control field | 01745cam a22002054a 4500 |
| 005 - ΗΜΕΡΟΜΗΝΙΑ ΚΑΙ ΩΡΑ ΤΕΛΕΥΤΑΙΑΣ ΕΝΗΜΕΡΩΣΗΣ | |
| Πεδίο ελέγχου | 20250605164216.0 |
| 008 - FIXED-LENGTH DATA ELEMENTS--GENERAL INFORMATION | |
| Πεδίο ελέγχου σταθερού μήκους | 250528s ||||||||||||||||||||||||d |
| 035 ## - SYSTEM CONTROL NUMBER | |
| System control number | 20458 |
| 020 ## - ISBN | |
| ISBN | 9850362814 |
| 040 ## - ΠΗΓΗ ΚΑΤΑΛΟΓΟΓΡΑΦΗΣΗΣ | |
| Φορέας πρωτότυπης καταλογογράφησης | MC Athens Campus Library |
| Γλώσσα καταλογογράφησης | Ελληνικά, Μοντέρνα (1453-) |
| Modifying agency | MC Athens Campus Library |
| Κανόνες περιγραφικής καταλογογράφησης | AACR2 |
| 245 1# - ΤΙΤΛΟΣ ΚΑΙ ΔΗΛΩΣΗ ΥΠΕΥΘΥΝΟΤΗΤΑΣ | |
| Τίτλος | Review and Articles / From Die Rote Fahne |
| 260 ## - PUBLICATION, DISTRIBUTION, ETC. | |
| Name of publisher, distributor, etc. | Merlin Press, |
| Date of publication, distribution, etc. | 1983 |
| 300 ## - PHYSICAL DESCRIPTION | |
| Extent | 74 |
| 505 0# - FORMATTED CONTENTS NOTE | |
| Formatted contents note | Bernard Shaw's End, Balzac's Posthumous Fame, Tagore's Gandhi Novel, On the Tenth Anniversary of Strindberg's Death, Lessing's Emilia Galotti and Bourgeois Tragedy, Lessing's Nathal and Goethe's Tasso, On Hauptmann's Development, Arthur Schnitzler, Freud's Psychology of the Masses, A Polemic Against the War of the Bourgeoisie, Russian Critics, Stavrogin's Confession, Dostoyevsky: Novellas, The History of Hegel's Youth, On the Fiftieth Anniversary of Feuerbach's Death, Marx and Lassalle in their Correspondence, Marxism and Literary History, The Two Epochs of Bourgeois Materialism, The Genesis and Value of Imaginative Literature. |
| 520 ## - SUMMARY, ETC. | |
| Summary, etc. | Bernard Shaw's End, Balzac's Posthumous Fame, Tagore's Gandhi Novel, On the Tenth Anniversary of Strindberg's Death, Lessing's Emilia Galotti and Bourgeois Tragedy, Lessing's Nathal and Goethe's Tasso, On Hauptmann's Development, Arthur Schnitzler, Freud's Psychology of the Masses, A Polemic Against the War of the Bourgeoisie, Russian Critics, Stavrogin's Confession, Dostoyevsky: Novellas, The History of Hegel's Youth, On the Fiftieth Anniversary of Feuerbach's Death, Marx and Lassalle in their Correspondence, Marxism and Literary History, The Two Epochs of Bourgeois Materialism, The Genesis and Value of Imaginative Literature. |
| 700 1# - ΠΡΟΣΘΕΤΗ ΑΝΑΓΡΑΦΗ--ΦΥΣΙΚΟ ΠΡΟΣΩΠΟ | |
| Personal name | Lukacs Georg |
| 9 (RLIN) | 498 |
| 942 ## - ADDED ENTRY ELEMENTS (KOHA) | |
| Koha item type | Books |
| Τύπος τεκμηρίου | Βιβλιοθήκη | Τρέχουσα τοποθεσία | Barcode | Αριθμός εισαγωγής | Ημερομηνία απόκτησης | Ταξιθετικό σύμβολο | Αριθμός αντιτύπου | Κατάσταση απόσυρσης | Κατάσταση χαμένου | Κατάσταση κατεστραμμένου | Μη δανεισμός | Σύνολο δανεισμών | Ημερομηνία τελευταίας εμφάνισης | Η τιμή ισχύει από |
|---|---|---|---|---|---|---|---|---|---|---|---|---|---|---|
| Books | MC Athens Campus Library | MC Athens Campus Library | 9780000055613 | 6934 | 05/06/2025 | 809 LUK | 1 | 05/06/2025 | 05/06/2025 |